000 00821cab a2200253 4500
001 ABS53106
008 090401t1995 xxu||||| |||| 00| 0 eng d
035 _a(Sirsi) u2119
041 _aeng
100 _aDoyle, N.
245 _aMoscow
260 _c1995
350 _a0
490 _aNew Builder
_v(261) 9 June 1995, 16-26(10)
520 _aDespite the market opportunities, British investment in Russia remains low due to the lack of political and economic stability. Features a number of recent sucessful developments which have taken place in Moscow despite the obstacles involved.
650 _aFOREIGN INVESTMENT
650 _aMOSCOW
650 _aRETAIL DEVELOPMENT
650 _aRUSSIA
690 _aPROPERTY-COMMERCIAL PROPERTY
690 _aOVERSEAS-EUROPE
942 _n0
948 _c04/03/1997
999 _c1271
_d1271